| 000 | 00564nmm a2200169Ia 4500 | ||
|---|---|---|---|
| 008 | 251105s9999||||xx |||||||||||||||||und|| | ||
| 020 | _a9788476589618 | ||
| 041 | _aspa | ||
| 100 | _aGonzález de Ávila, Manuel | ||
| 245 | 0 |
_aCultura y razón : _b Antropología de la literatura y de la imagen |
|
| 264 |
_a[Madrid, España] : _bAnthropos, _c2010 |
||
| 300 | _a292 páginas | ||
| 490 | _aPensamiento crítico / Pensamiento utópico: crítica y utopía | ||
| 650 | _aCultural Studies | ||
| 856 | _uhttps://public.digitaliapublishing.com/a/13320 | ||
| 942 | _cCF | ||
| 999 |
_c85268 _d85268 |
||